Ďalšie vzdelávanie v systéme celoživotného vzdelávania v Slovenskej republike

Postavenie ďalšieho vzdelávania v podmienkach celoživotného vzdelávania na Slovensku. Pohľad na vybrané aspekty ďalšieho vzdelávania.

Salvato in:
Dettagli Bibliografici
Autore principale: Polonyová, Simona, 1985-
Natura: Capitolo di libro
Lingua:slovacco
Soggetti:
Tags: Aggiungi Tag
Nessun Tag, puoi essere il primo ad aggiungerne!!

MARC

LEADER 00000naa a2200000 4500
001 0241316
005 20240502073929.0
041 0 |a slo 
044 |a SK 
245 1 0 |a Ďalšie vzdelávanie v systéme celoživotného vzdelávania v Slovenskej republike  |c Simona Polonyová 
520 |a Postavenie ďalšieho vzdelávania v podmienkach celoživotného vzdelávania na Slovensku. Pohľad na vybrané aspekty ďalšieho vzdelávania. 
610 2 0 |a vzdelávanie ďalšie 
610 2 0 |a vzdelávanie celoživotné 
610 2 0 |a Slovensko 
610 2 0 |a politika vzdelávania 
100 1 |a Polonyová, Simona, 1985-